000 00669nam a2200229 i 4500
001 C2-0107249
003 PPAK
005 20180727102202.0
008 970617s1971 my |||| ||||| | may d
040 _aPPAK
_beng
_cPPAK
_erda
082 0 4 _a959.5112
_223
090 0 0 _a959.5112
_bWAN
_dKK
100 0 _aWan Ibrahim Wan Soloh,
_cDato'
_eauthor
245 1 0 _aMahsuri :
_bperistiwa sedih di Kedah
264 1 _aAlor Setar, Kedah :
_bPersatuan Sejarah Malaysia Cawangan Kedah ,
_c1971
300 _a5 pages ;
_c30 cm
336 _2rdacontent
_atext
337 _2rdamedia
_aunmediated
338 _2rdacarrier
_avolume
650 1 0 _aKedah - History.
942 _ddc
_cB
999 _c26312
_d26312